000 00963nam a22002177a 4500
999 _c1588
_d1588
003 AR-CdUCM
008 190227b ||||| |||| 00| 0 spa d
040 _aMUNICIPALIDAD PROVINCIAL DEL CUSCO
_cBIBLIOTECA MUNICIPAL DEL CUSCO
082 _a301 /
_bET94
100 _aEtzioni, Amitai
_95966
245 _aOrganizaciones Modernas /
_cEtzioni, Amitai
260 _aMexico :
_bUTEHA ,
_c1965.
300 _a221 paginas.
_c17.5 cm.
505 _aRacionalidad y Felicidad -- El fin de la organizacion -- Enfoque Clasico -- De las relaciones humanas a los estructuralistas -- Burocracias -- Control y Jefatura de la Organizacion -- Organizacion y otros temas -- Autoridad Administrativas y Profesional -- La Organizacion Moderna -- La Organizacion y el Medio Social...
650 _aOrganizaciones.
_95967
650 _aRecursos Humanos.
_94385
650 _aAntropologia.
_9878
700 _aEtzioni, Amitai
_95966
942 _2ddc
_cLIBROS
945 _artm
_d2019-02-27